000 00567nam a2200205 i 4500
001 bgj
100 1 _aCRANE, Milton
245 1 0 _a50 [fifty] great short stories /
_cMilton Crane.
260 _aNew York :
_bBantam Books,
_c1988.
300 _a464 pp ;
_c18 cm.
650 9 _aAmerican |short stories
_xCollections of fiction
650 9 _aEnglish |short stories
_xCollections of fiction
655 _aFiction
020 _a0553277456
040 _cBPK
041 0 _aeng
920 _a0-553-27745-6
942 _cKS
008 s uk f |000 0 eng
999 _c48532
_d48532
856 _uhttp://koha.tu.koszalin.pl/cgi-bin/koha/opac-detail.pl?biblionumber=48532
_yKatalog online BPK